165 Male Actors - Statistics

General Stats
  • This quiz has been taken 30 times
  • The average score is 31 of 165
Answer Stats
Hint Answer % Correct
Aladdin Will Smith
68%
Titanic Leonardo Di Caprio
64%
world war z Brad Pitt
61%
Spider-Man: No Way Home Tom Holland
50%
The Matrix Keanu Reeves
46%
La La Land Ryan Gosling
46%
Mission Impossible 12345678 Tom Cruise
46%
Thor Chris Hemsworth
43%
Batman Begins Christian Bale
43%
Harry Potter Daniel Radcliffe
43%
Rush Hour Jackie Chan
43%
Captain America Chris Evans
39%
The Mask Jim Carrey
39%
The Shawshank Redemption Morgan Freeman
39%
Forrest Gump Tom Hanks
39%
The Amazing Spider-Man Andrew Garfield / Garfield
36%
X-Men Hugh Jackman
36%
The Fast and the Furious 2001 Paul Walker
36%
Twilight Robert Pattinson / Pattinson
36%
Scarface Al Pacino
32%
Die Hard Bruce Willis
32%
Peaky Blinders Cillian Murphy / Murphy
32%
Snowpiercer Ed Harris / ed
32%
Ocean's Eleven George Clooney
32%
Indiana Jones Harrison Ford
32%
The Dark Knight Heath Ledger
32%
The Meg Jason Statham
32%
Pirates of the Caribbean Johnny Depp
32%
Iron Man 1 2 3 Robert Downey
32%
MR.Bean Rowan Atkinson
32%
Deadpool Ryan Reynolds
32%
Spiderman 2002 Tobey Maguire
32%
Venom Tom Hardy
32%
Batman Ben Affleck
29%
James Bond Daniel Craig
29%
The Equalizer Denzel Washington
29%
Black Adam Dwayne Johnson
29%
Superman Henry Cavill
29%
Taxi Driver Robert De Niro
29%
Jurassic World Chris Pratt
25%
The King's Speech Colin Firth / Colin
25%
Shrek Eddie Murphy / Murphy
25%
Karate Kid Jaden Smith
25%
The Joker Joaquin Phoenix
25%
Jason Bourne Matt Damon
25%
Braveheart Mel Gibson
25%
Harry Potter Rupert Grint / Grint
25%
Fast 12345678910 Vin Diesel
25%
the silence of the lambs Anthony Hopkins
21%
Terminator Arnold Schwarzenegger
21%
Enter The Dragon Bruce Lee
21%
The Good, the Bad and the Ugly Clint Eastwood
21%
Now You See Me Dave Franco / Franco
21%
127 Hours James Franco / Franco
21%
Central Intelligence kevin hart
21%
Ghost Rider Nicolas Cage
21%
Rocky Sylvester Stallone
21%
Hotel Transylvania Adam Sandler / Sandler
18%
Doctor Strange benedict cumberbatch
18%
Ghandi Ben Kingsley / Kingsley
18%
Night at the Museum Ben Stiller / Stiller
18%
Guardian of the Galaxy Bradley Cooper / Cooper
18%
Black Panther Chadwick Boseman / Chadwick
18%
Modern Times / Silent Film Charlie Chaplin
18%
Inglourious Basterds Christoph Waltz / Waltz
18%
There Will Be Blood Daniel Day Lewis / Day Lewis
18%
The Lord of the Rings Elijah Wood
18%
Obi-Wan Kenobi Ewan McGregor / McGregor
18%
The Shining Jack Nicholson
18%
Nightcrawler Jake Gyllenhaal
18%
Aquaman Jason Momoa / Momoa
18%
Fearless Jet Li
18%
Peacemaker John Cena
18%
The Hunger Games Liam Hemsworth
18%
Taken Liam Neeson
18%
Shutter Island Mark Ruffalo
18%
CREED michael b jordan
18%
Ant-Man Paul Rudd
18%
Bohemian Rhapsody Rami Malek
18%
Gladiator Russell Crowe
18%
James Bond The Old Sean Connery / Connery
18%
Loki Tom Hiddleston
18%
The Mummy Brendan Fraser / Fraser
14%
Madagascar / Voice Over Chris Rock
14%
Rush Hour Chris Tucker
14%
Iron Man 2 Don Cheadle / Don
14%
Rain Man Dustin Hoffman / Hoffman
14%
The Theory of Everything Eddie Redmayne / Redmayne
14%
Fight Club Edward Norton / Norton
14%
Darkest Hour Gary Oldman
14%
X-Men Ian McKellen / McKellen
14%
Split James McAvoy / McAvoy
14%
Django Unchained Jamie Foxx
14%
Jeremy Irons Jeremy Irons / Irons
14%
Whiplash J.K. Simmons / J.K
14%
Face/Off John Travolta
14%
SE7EN Kevin Spacey
14%
Interstellar Matthew McConaughey
14%
Batman (1989 film) Michael Keaton / Keaton
14%
Logan Patrick Stewart / Stewart
14%
Harry Potter Ralph Fiennes / Ralph
14%
Good Will Hunting Robin Williams
14%
Mystic River Sean Penn / Penn
14%
Transformers 1 Shia Labeouf
14%
Harry Potter Alan Rickman / rickman
11%
The Rough House / Silent Film Buster Keaton / Keaton
11%
Manchester by the Sea Casey Affleck
11%
White House Down Channing Tatum / Tatum
11%
Star Trek Chris Pine
11%
Phone Booth Colin Farrell / Farrell
11%
The Last King of Scotland Forest Whitaker / Whitaker
11%
No Country for Old Men Javier Bardem / Javier
11%
Jurassic Park Jeff Goldblum / Goldblum
11%
10 Cloverfield Lane John Goodman / Goodman
11%
Dracula Untold Luke Evans / Evans
11%
Green Book Mahershala Ali
11%
Star Wars 1 Mark Hamill
11%
Bad Boys Martin Lawrence
11%
Assassin's Creed Michael Fassbender / Fassbender
11%
Kingdom of Heaven Orlando Bloom / Bloom
11%
The Winter Soldier Sebastian Stan
11%
The Dark Knight Aaron Eckhart / aaron
7%
Voice Over Andy Serkis / Serkis
7%
The Lord of the Rings Christopher Lee
7%
Pulp Fiction Christopher Walken / Walken
7%
Guardian of the Galaxy Dave Bautista / Bautista
7%
Olympus Has Fallen Gerard Butler / Gerard
7%
The Matrix Hugo Weaving
7%
The Suicide Squad Idris Elba
7%
Jumanji: Welcome to the Jungle Jack Black
7%
Suicide Squad Jared Leto
7%
Hell or High Water Jeff Bridges
7%
assassin's creed Jeremy Renner
7%
Goodfellas Joe Pesci
7%
Keanu jordan peele
7%
The Walk Joseph Gordon / Gordon
7%
avengers endgame Josh Brolin
7%
Sherlock Holmes Jude Law / Jude
7%
The Social Network Justin Timberlake
7%
The Hateful Eight Kurt Russell
7%
2 Fast 2 Furious Ludacris
7%
Transformers 4 Mark Wahlberg
7%
Batman Begins Michael Caine
7%
Keanu Michael Key / Key
7%
Shanghai Noon Owen Wilson / Wilson
7%
The Godfather Part 2 Robert Duvall / Duvall
7%
Jurassic Park Sam Neill / Neill
7%
Shaun of the Dead Simon Pegg / Pegg
7%
All Avengers,comic book writer Stan Lee
7%
Expendables 3 Terry Crews / Crews
7%
Blade Wesley Snipes
7%
Sicario Benicio Del Toro / Del Toro
4%
The Expendables 2 Chuck Norris
4%
Star Trek Karl Urban / Urban
4%
Mystic River Kevin Bacon / Bacon
4%
The Hobbit Martin Freeman
4%
Jurassic Park Richard Attenborough / Attenborough
4%
Coach Carter Samuel Jackson
4%
Avatar Sam Worthington / Worthington
4%
The Hateful Eight Tim Roth / Roth
4%
Men in Black Tommy Jones / Jones
4%
The Expendables 2 Van Damme
4%
Now You See Me Woody Harrelson / Harrelson
4%
The Protector Tony Jaa
0%
Platoon Willem Dafoe
0%
No matching quizzes found
Score Distribution
Percent of People with Each Score
Percentile by Number Answered
Your Score History
You have not taken this quiz